Napínavé krížovky 64 najlacnejších krížoviek !!!

Bibliographic Details
Format: Journal
Language:Slovak
PhysicalDescription:zv. 22 cm
Published: Prievidza Offprint 2002-
Bratislava OSTEN
Bratislava Bauer Media SK
Bratislava Mafra Slovakia Print, a.s.
ISSN:2453-8388
Subjects:

MARC

LEADER 00000cas a2200000 a 4500
001 vtls008827850
003 SK-MaSNL
005 20260228161100.0
008 060630c20029999xo mr|p 0 b0slo
022 |a 2453-8388 
040 |a SNK  |b slo  |c SNK  |d SVKBB  |e AACR2 
041 0 |a slo 
044 |a xo  |c SK 
072 7 |a 793  |x Spoločenské zábavy  |2 konspekt 
080 |a 793.7  |2 2011 
080 |a 379.8(051)  |2 2011 
080 |a 050  |2 2011 
210 0 |a Napínavé kríž. 
222 0 |a Napínavé krížovky 
245 0 0 |a Napínavé krížovky  |b 64 najlacnejších krížoviek !!! 
246 0 3 |a Napínavé krížovky 
260 |a Prievidza  |b Offprint  |c 2002- 
260 2 |3 1/2012-4/2016  |a Bratislava  |b OSTEN 
260 2 |3 5/2016-[2018]  |a Bratislava  |b Bauer Media SK 
260 3 |3 2019-  |a Bratislava  |b Mafra Slovakia Print, a.s. 
300 |a zv.  |c 22 cm 
310 |a 1x mesačne 
362 0 |a Roč. I, č. 1 (2002)- 
500 |a Podnázov v tiráži: krížovkársky mesačník 
500 |a Reg. číslo: 2891/2002 ; EV 3071/09 
515 |a V r. 2002 na obálke uvedené č. 11 a č. 12 
650 0 7 |a krížovky  |2 SNKPH  |9 3313 
655 7 |a časopisy pre voľný čas  |2 SNKPH  |9 70337 
910 |a snk 
999 |c 4249  |d 6179 
952 |0 0  |1 0  |4 0  |7 0  |8 0  |a SNK  |b SNK  |d 2023-08-09  |i snk2023/11886  |l 0  |o snkČSC 3936/20/2021  |p 17A1521153  |r 2026-02-21 19:48:00  |t č. 1-12, neúplné  |w 2026-02-21  |y PREZ  |z Chýba č. 8 
952 |0 0  |1 0  |4 0  |7 0  |8 0  |a SNK  |b SNK  |d 2023-08-09  |i snk2023/11893  |l 0  |o snkČSC 3936/21/2022  |p 17A1521154  |r 2026-02-21 19:48:01  |t č. 1-12  |w 2026-02-21  |y PREZ 
952 |0 0  |1 0  |4 0  |7 0  |8 0  |a SNK  |b SNK  |d 2022-05-19  |i snk2022/8186  |l 0  |o snkČSC 3936/19/2020  |p 17A1462300  |r 2026-02-21 20:01:02  |t č. 1-12  |w 2026-02-21  |y PREZ 
952 |0 0  |1 0  |4 0  |7 0  |8 0  |a SNK  |b SNK  |d 2025-07-15  |i snk2025/11291  |l 0  |o snkČSC 3936/22/2023  |p 17A1557371  |r 2026-02-21 21:11:08  |t č. 1-12  |w 2026-02-21  |y PREZ 
952 |0 0  |1 0  |4 0  |7 0  |8 0  |a SNK  |b SNK  |d 2025-07-15  |i snk2025/11297  |l 0  |o snkČSC 3936/23/2024  |p 17A1557372  |r 2026-02-21 21:11:08  |t č. 1-12  |w 2026-02-21  |y PREZ 
952 |0 0  |1 0  |4 0  |7 0  |8 0  |a SNK  |b SNK  |d 2020-01-15  |i snk2020/731  |l 0  |o snkČSC 3936/18/2019  |p 17A1385946  |r 2026-02-21 22:22:19  |t č. 1-12  |w 2026-02-21  |y PREZ 
952 |0 0  |1 0  |4 0  |7 0  |8 0  |a SNK  |b SNK  |d 2019-02-27  |i snk2019/5352  |l 0  |o snkČSC 3936/2/2003  |p 17A1343033  |r 2026-02-21 22:27:43  |t č. 1-12  |w 2026-02-21  |y PREZ 
952 |0 0  |1 0  |4 0  |7 0  |8 0  |a SNK  |b SNK  |d 2019-02-27  |i snk2019/5353  |l 0  |o snkČSC 3936/3/2004  |p 17A1343034  |r 2026-02-21 22:27:43  |t č. 1-12  |w 2026-02-21  |y PREZ 
952 |0 0  |1 0  |4 0  |7 0  |8 0  |a SNK  |b SNK  |d 2019-02-27  |i snk2019/5354  |l 0  |o snkČSC 3936/4/2005  |p 17A1343035  |r 2026-02-21 22:27:43  |t č. 1-12  |w 2026-02-21  |y PREZ 
952 |0 0  |1 0  |4 0  |7 0  |8 0  |a SNK  |b SNK  |d 2019-02-27  |i snk2019/5357  |l 0  |o snkČSC 3936/5/2006  |p 17A1343568  |r 2026-02-21 22:27:43  |t č. 1-12  |w 2026-02-21  |y PREZ 
952 |0 0  |1 0  |4 0  |7 0  |8 0  |a SNK  |b SNK  |d 2019-02-27  |i snk2019/5359  |l 0  |o snkČSC 3936/6/2007  |p 17A1343569  |r 2026-02-21 22:27:43  |t č. 1-12  |w 2026-02-21  |y PREZ 
952 |0 0  |1 0  |4 0  |7 0  |8 0  |a SNK  |b SNK  |d 2019-02-27  |i snk2019/5361  |l 0  |o snkČSC 3936/7/2008  |p 17A1343570  |r 2026-02-21 22:27:43  |t č. 1-12  |w 2026-02-21  |y PREZ 
952 |0 0  |1 0  |4 0  |7 0  |8 0  |a SNK  |b SNK  |d 2019-02-27  |i snk2019/5363  |l 0  |o snkČSC 3936/8/2009  |p 17A1343571  |r 2026-02-21 22:28:23  |t č. 1-12  |w 2026-02-21  |y PREZ 
952 |0 0  |1 0  |4 0  |7 0  |8 0  |a SNK  |b SNK  |d 2019-02-27  |i snk2019/5364  |l 0  |o snkČSC 3936/9/2010  |p 17A1343572  |r 2026-02-21 22:28:23  |t č. 1-12, neúplné  |w 2026-02-21  |y PREZ  |z Chýba č. 9 
952 |0 0  |1 0  |4 0  |7 0  |8 0  |a SNK  |b SNK  |d 2019-02-27  |i snk2019/5367  |l 0  |o snkČSC 3936/10/2011  |p 17A1343573  |r 2026-02-21 22:28:23  |t č. 1-12  |w 2026-02-21  |y PREZ 
952 |0 0  |1 0  |4 0  |7 0  |8 0  |a SNK  |b SNK  |d 2019-02-27  |i snk2019/5368  |l 0  |o snkČSC 3936/11/2012  |p 17A1343574  |r 2026-02-21 22:28:23  |t č. 1-12  |w 2026-02-21  |y PREZ 
952 |0 0  |1 0  |4 0  |7 0  |8 0  |a SNK  |b SNK  |d 2019-02-27  |i snk2019/5370  |l 0  |o snkČSC 3936/12/2013  |p 17A1343575  |r 2026-02-21 22:28:23  |t č. 1-12  |w 2026-02-21  |y PREZ 
952 |0 0  |1 0  |4 0  |7 0  |8 0  |a SNK  |b SNK  |d 2019-02-27  |i snk2019/5371  |l 0  |o snkČSC 3936/13/2014  |p 17A1343576  |r 2026-02-21 22:28:23  |t č. 1-12, neúplné  |w 2026-02-21  |y PREZ  |z Chýba č. 12 
952 |0 0  |1 0  |4 0  |7 0  |8 0  |a SNK  |b SNK  |d 2019-02-27  |i snk2019/5374  |l 0  |o snkČSC 3936/14/2015  |p 17A1343577  |r 2026-02-21 22:28:23  |t č. 1-12  |w 2026-02-21  |y PREZ 
952 |0 0  |1 0  |4 0  |7 0  |8 0  |a SNK  |b SNK  |d 2019-02-27  |i snk2019/5376  |l 0  |o snkČSC 3936/15/2016  |p 17A1343578  |r 2026-02-21 22:28:23  |t č. 1-12  |w 2026-02-21  |y PREZ 
952 |0 0  |1 0  |4 0  |7 0  |8 0  |a SNK  |b SNK  |d 2019-02-27  |i snk2019/5377  |l 0  |o snkČSC 3936/16/2017  |p 17A1343579  |r 2026-02-21 22:28:27  |t č. 1-12  |w 2026-02-21  |y PREZ 
952 |0 0  |1 0  |4 0  |7 0  |8 0  |a SNK  |b SNK  |d 2019-02-27  |i snk2019/5381  |l 0  |o snkČSC 3936/17/2018  |p 17A1343580  |r 2026-02-21 22:28:27  |t č. 1-12  |w 2026-02-21  |y PREZ 
952 |0 0  |1 0  |4 0  |7 0  |8 0  |a SNK  |b SNK  |d 2019-02-27  |i snk2019/5351  |l 0  |o snkČSC 3936/1/2002  |p 17A1343032  |r 2026-02-21 22:28:31  |t č. 1-2  |w 2026-02-21  |y PREZ